=LDR 00000nam 2200000 4500 =001 INLIS000000000019520 =005 20130612114554 =008 ***********************************Ind** =035 ##$$0010-061300000019520 =041 ##$$a Ind =082 ##$$a F Rom D =090 ##$$a F Rom D, Mak t =100 ##$$a Makhmaibaf, Mohsen =245 ##$$a The crystal garden, Mohsen Makhmaibaf ; penerjemah, Elka Firani ; penyunting Malvi Yundra =260 ##$$a 2005 $b Jakarta =300 ##$$a 382 hlm, 17 cm =650 ##$$a Fiksi Dewasa =850 ##$$a NBPNMAT